000 00250nam a22001217a 4500
082 _a823
_bMUR/L
100 _aMURTHI, R K
245 _aLIVES OF DESTINY
260 _aPUNE
_bVIKAS
_c2000
300 _a96
650 _aENGLISH STORY
_zINDIA
942 _cBK
999 _c7313
_d7313